| 000 | 00934nam a22003017a 4500 | ||
|---|---|---|---|
| 999 |
_c29365 _d29336 |
||
| 003 | EG-ScBUE | ||
| 005 | 20210817092619.0 | ||
| 008 | 200219t2003 nyu f 000 0 eng d | ||
| 020 | _a9780071232104 | ||
| 020 | _a0071232109 | ||
| 040 |
_aEG-ScBUE _beng _erda _cEG-ScBUE _dEG-ScBUE |
||
| 082 | 0 | 4 |
_a428.34 _bINT _222 |
| 245 | 0 | 0 |
_aInteractions. _n2, _pInstructor's manual. |
| 246 | 3 | 3 | _aInstructor's manual |
| 250 | _aIntegrated skills edition. | ||
| 264 | 1 |
_aNew York, NY : _bMcGraw-Hill/Contemporary, _c[2003] |
|
| 264 | 4 | _cc2003 | |
| 300 |
_avi, 185 pages ; _c30 cm |
||
| 336 |
_2rdacontent _atext _btxt |
||
| 337 |
_2rdamedia _aunmediated _bn |
||
| 338 |
_2rdacarrier _avolume _bnc |
||
| 650 | 7 |
_aEnglish language _xSpoken English. _2BUEsh |
|
| 650 | 7 |
_aEnglish language _vTextbooks for foreign speakers. _2BUEsh |
|
| 653 |
_bHHUUEENN _cAugust2021 |
||
| 655 |
_vReading book _934232 |
||
| 942 |
_2ddc _cBB |
||